000 01569nam a2200349 c 4500
003 BLK
005 20180420235453.0
008 180411b bul|||||r ||||||| ||bul||
010 _aKNG00181501000
020 _a978-954-09-0424-5
_bиздат.: Захарий Стоянов - на том (т.6) (подв., Захарий Стоянов)
040 _aBLK
041 _aBUL
_cBUL
072 7 _2bullib
_aН10
_xФилософия Н
080 _aОбщи работи. Философски науки в цялост
_b101
_x(091)(497.2)(081)
_z101(091)(497.2)(081)
100 1 _aВасилев, Николай Кирилов
_eпърви автор
_9257087
139 _aВасилев, Николай Кирилов
_bВ 24
245 1 0 _aСъчинения
_bВ 7 т.
_cНиколай Кирилов Василев.
_nТ. 6
_pЧовешките парадокси
257 _aBGR
260 София
_bУнив. изд. Климент Охридски
_c2007 -
300 _a656 с.
_c22 см
380 _a1
490 1 _aПоредица Философия и човек
650 4 _aФилософия
_9175490
653 _aфилософия
659 _aН
760 1 _3- на том (т.6) (подв., Захарий Стоянов)
_aВасилев, Николай Кирилов
_dЗахарий Стоянов
_h656 с.
_tТ. 6 Човешките парадокси
852 _aЦб 237781
856 4 _qpdf
_u
856 4 _qpdf
_u
942 _cKNG
_n0
944 _aCR
_c10.09.2015
_kВиолета_Тройчева
944 _aED
_c22.12.2015
_kГрета_Цуфелде
999 _c173121
_d173121